| 000 | 00467nam a2200157Ia 4500 | ||
|---|---|---|---|
| 999 |
_c34761 _d34761 |
||
| 003 | OSt | ||
| 005 | 20200608122458.0 | ||
| 008 | 190216s9999||||xx |||||||||||||| ||und|| | ||
| 040 | _coclc | ||
| 082 |
_a342.54 _bMEN/O |
||
| 100 |
_aMenon, V P _92606 |
||
| 245 | 0 |
_aAn Outline Of Indian Constitutional History / _cV P Menon |
|
| 260 |
_bBharatiya Vidya Bhavan, _c1965. _aBombay; |
||
| 300 | _a84p | ||
| 942 |
_cBK _2ddc _h342.54 _iMEN/O _k342.54 _mMEN/O |
||